000 00499nam a2200145Ia 4500
008 220216s9999 xx 000 0 und d
100 _aTiandai Huang
245 0 _aSomatic embryogenesis and plant regeneration from cotyledon explants of Hevea brasiliensis
260 _bPreprints of papers: International Natural Rubber Conference, 6-8 November 2005, Cochin, India, pp. 79
650 _aSomatic embryogenesis
700 _aHuasun Huang
700 _aWeiguo Li
700 _aZhe Li
942 _cJS
999 _c68903
_d68903